Specific Relief Act/ (Record no. 178609)

MARC details
000 -LEADER
fixed length control field 00787nam a22002417a 4500
005 - DATE AND TIME OF LATEST TRANSACTION
control field 20210407175019.0
010 ## - LCCN (DPL NO)
LC control number ENG-129394
020 ## - INTERNATIONAL STANDARD BOOK NUMBER
International Standard Book Number 978-93-89991-30-7
Terms of availability 1995.00
035 ## - SYSTEM CONTROL NUMBER
System control number EN-112926
037 ## - SOURCE OF ACQUISITION
Source of stock number/acquisition DBAD/PUB
082 ## - DEWEY DECIMAL CLASSIFICATION NUMBER
Classification number 347.54077
100 ## - MAIN ENTRY--PERSONAL NAME
Personal name Sarkar, M C
245 ## - TITLE STATEMENT
Title Specific Relief Act/
Remainder of title M C Sarkar, S C Sarkar and P C Sarkar
250 ## - EDITION STATEMENT
Edition statement 18th
260 ## - PUBLICATION, DISTRIBUTION, ETC. (IMPRINT)
Place of publication, distribution, etc Haryana, India
Name of publisher, distributor, etc Lexis Nexis
Date of publication, distribution, etc 2020
270 ## - ADDRESS
City Gurugaon
Postal code 122002
Address 14th floor, Building No.10, Tower-B, DLF Cyber City, Phase-II
Telephone number 911244774444
Fax number 911244774100
Electronic mail address help.in@lixisnexis.com
300 ## - PHYSICAL DESCRIPTION
Extent ccx+854p.
Dimensions 24cm(hbk)
Other physical details Including Index
700 ## - ADDED ENTRY--PERSONAL NAME
Personal name S C Sarkar
700 ## - ADDED ENTRY--PERSONAL NAME
Personal name P C Sarkar
700 ## - ADDED ENTRY--PERSONAL NAME
Personal name Sudipto Sarkar
700 ## - ADDED ENTRY--PERSONAL NAME
Personal name Aditya Swarup
942 ## - ADDED ENTRY ELEMENTS (KOHA)
Source of classification or shelving scheme Dewey Decimal Classification
Item type English Books
Classification part 347.54077
Call number suffix SAR
Holdings
Withdrawn status Lost status Not for loan Collection code Home library Current library Date acquired Source of acquisition Cost, normal purchase price Full call number Barcode Copy number Cost, replacement price Koha item type
    Not For Loan Reference Bawana Bawana 07/04/2021 DBAD/PUB 1995.00 347.54077 SAR EN-112926 1 1995.00 English Books

© Delhi Public Library
Hit Counter
free hit counter